[Event "Sparkassen-Open A"]
[Site "Heusenstamm, Martinsee"]
[Date "2023.11.24"]
[Round "2.110"]
[White "Held, Costa"]
[Black "Klein, Deniz"]
[Result "1/2-1/2"]
[WhiteElo "1699"]
[BlackElo "1565"]
[PlyCount "66"]
[EventDate "2023.??.??"]
[WhiteTeam "SC Frankfurt-West"]
[BlackTeam "SG Kaiserslautern 1905"]

1. d4 Nf6 2. c4 e6 3. Nc3 Bb4 4. Nf3 c5 5. e3 b6 6. Bd3 Bb7 7. O-O O-O 8. Nb5 cxd4 9. a3 Be7 10. exd4 a6 11. Nc3 d5 12. Be3 dxc4 13. Bxc4 b5 14. Ba2 Nd5 15. Rc1 Nd7 16. Nxd5 exd5 17. Qd3 Nb6 18. Bb1 f5 19. Ne5 Nc4 20. Qe2 Rc8 21. Qh5 Qe8 22. Qh3 Nxe5 23. dxe5 Qf7 24. Rxc8 Bxc8 25. Rc1 Qe6 26. Bd4 h6 27. f4 b4 28. Qg3 bxa3 29. bxa3 Bd7 30. Bd3 Bxa3 31. Ra1 Qe7 32. e6 Bc5 33. Qf2 Bxd4 1/2-1/2

[Event "Sparkassen-Open A"]
[Site "Heusenstamm, Martinsee"]
[Date "2023.11.24"]
[Round "2.111"]
[White "Fröhlich-Dill, Astrid"]
[Black "Kovalskyy, Alicia"]
[Result "0-1"]
[WhiteElo "1796"]
[BlackElo "1515"]
[PlyCount "94"]
[EventDate "2023.??.??"]
[WhiteTeam "SV 1920 Hofheim"]
[BlackTeam "Düsseldorfer SV 1854"]

1. d4 d5 2. Nf3 Nf6 3. c4 e6 4. Nc3 Be7 5. Bf4 O-O 6. e3 c5 7. Be2 Nc6 8. h3 a6 9. O-O dxc4 10. Bxc4 b5 11. Bb3 Bb7 12. d5 exd5 13. Nxd5 Nxd5 14. Bxd5 Qb6 15. a3 Rad8 16. e4 Na5 17. Qe2 Bxd5 18. exd5 Bf6 19. Rad1 Rfe8 20. Qc2 Nc4 21. Bg5 Nxb2 22. Rb1 Bxg5 23. Nxg5 Qh6 24. Nxf7 Kxf7 25. Rxb2 Rxd5 26. Qb3 Ree5 27. Rc2 c4 28. Qf3+ Qf6 29. Qg3 Qg6 30. Qxg6+ Kxg6 31. f4 Re4 32. g4 Re3 33. f5+ Kg5 34. Kg2 Rxa3 35. Re2 Rdd3 36. Re7 Rg3+ 37. Kf2 Rgf3+ 38. Kg2 Rxf1 39. Kxf1 Kf6 40. Re6+ Kf7 41. Kf2 c3 42. Ke2 b4 43. Rb6 c2 44. Kd2 Rc3 45. Kc1 b3 46. g5 Rd3 47. Kb2 Rd1 0-1

[Event "Sparkassen-Open A"]
[Site "Heusenstamm, Martinsee"]
[Date "2023.11.24"]
[Round "2.112"]
[White "Rohatgi, Kushagra"]
[Black "Motzer, Marc"]
[Result "1/2-1/2"]
[WhiteElo "1577"]
[BlackElo "1725"]
[PlyCount "44"]
[EventDate "2023.??.??"]
[WhiteTeam "SAbt TuS Makkabi Ffm"]
[BlackTeam "SC Bad Dürkheim-Wachenheim"]

1. e4 d5 2. exd5 Qxd5 3. Nc3 Qd8 4. d4 Nf6 5. Nf3 Bg4 6. Be2 e6 7. h3 Bxf3 8. Bxf3 c6 9. Bf4 Nbd7 10. O-O Be7 11. Re1 O-O 12. Bh2 Re8 13. Ne4 Nxe4 14. Bxe4 Nf6 15. Bd3 Qb6 16. Rb1 Rad8 17. c3 c5 18. Be5 Nd7 19. Qc2 g6 20. Rbd1 Nxe5 21. dxe5 Rd5 22. Bc4 Rxd1 1/2-1/2

[Event "Sparkassen-Open A"]
[Site "Heusenstamm, Martinsee"]
[Date "2023.11.24"]
[Round "2.113"]
[White "Rödel, Jannis"]
[Black "Hebauf, Markus"]
[Result "1-0"]
[WhiteElo "1773"]
[BlackElo "1518"]
[PlyCount "71"]
[EventDate "2023.??.??"]
[WhiteTeam "SVG CAISSA Kassel"]
[BlackTeam "Sfr.1932 Kelkheim"]

1. c4 d6 2. g3 Nf6 3. Bg2 g6 4. Nc3 Bg7 5. e4 O-O 6. Nge2 e5 7. O-O c6 8. f4 exf4 9. gxf4 Re8 10. d4 Bg4 11. Be3 Qb6 12. h3 Bxe2 13. Qxe2 Nxe4 14. Nxe4 d5 15. c5 Qb4 16. a3 Qb3 17. Nc3 Bxd4 18. Rf3 Bxe3+ 19. Rxe3 Rxe3 20. Qxe3 Nd7 21. Nxd5 Qxb2 22. Ne7+ Kg7 23. Rd1 Nf6 24. f5 Re8 25. fxg6 hxg6 26. Re1 Rxe7 27. Qxe7 Qd4+ 28. Qe3 Qh4 29. Qe5 Kh6 30. Rf1 Nh5 31. Qh8+ Kg5 32. Qd8+ f6 33. Qd2+ Nf4 34. Kh2 Kf5 35. Qe3 g5 36. Qe4# 1-0

[Event "Sparkassen-Open A"]
[Site "Heusenstamm, Martinsee"]
[Date "2023.11.24"]
[Round "2.114"]
[White "Sasikumar Anitha, Sarvesh"]
[Black "Van Den Hoff, Damian"]
[Result "1-0"]
[WhiteElo "1466"]
[BlackElo "1825"]
[PlyCount "73"]
[EventDate "2023.??.??"]
[WhiteTeam "SK 1858 Gieß?en"]
[BlackTeam "Rotterdam"]

1. e4 e5 2. Nf3 Nc6 3. Bb5 a6 4. Ba4 Nf6 5. O-O b5 6. Bb3 Be7 7. d3 d6 8. a4 Rb8 9. axb5 axb5 10. h3 O-O 11. Re1 Bd7 12. Nbd2 Qc8 13. Nf1 Bd8 14. Ng3 Ne7 15. c3 c5 16. d4 exd4 17. cxd4 c4 18. Bc2 Bb6 19. b3 Qc7 20. bxc4 bxc4 21. Ba3 Rfe8 22. e5 dxe5 23. dxe5 Nfd5 24. Bd6 Qd8 25. Bxb8 Qxb8 26. Be4 Bc6 27. Qc2 c3 28. Bxh7+ Kf8 29. Bd3 Rc8 30. Rab1 Qc7 31. e6 Qxg3 32. Rxb6 Qc7 33. Rbb1 Nf4 34. Be4 Ned5 35. exf7 Qd6 36. Bxd5 Nxd5 37. Qh7 1-0

[Event "Sparkassen-Open A"]
[Site "Heusenstamm, Martinsee"]
[Date "2023.11.24"]
[Round "2.115"]
[White "Strache, Rolf"]
[Black "Peter, Laurenz"]
[Result "0-1"]
[WhiteElo "1557"]
[BlackElo "1810"]
[PlyCount "74"]
[EventDate "2023.??.??"]
[WhiteTeam "SK Herborn 1946"]
[BlackTeam "Sportgemeinschaft Kaarst 1912/35"]

1. d4 Nf6 2. c4 e6 3. Nf3 b6 4. Bf4 Bb7 5. Nc3 Be7 6. Rc1 O-O 7. h3 Na6 8. e3 d5 9. a3 c5 10. cxd5 exd5 11. Bd3 c4 12. Bb1 Nc7 13. O-O Bd6 14. Bxd6 Qxd6 15. Ne5 b5 16. Qc2 a5 17. Ng4 g6 18. Nxf6+ Qxf6 19. Ne2 Rfe8 20. Rce1 b4 21. axb4 axb4 22. Nc1 Ra1 23. Ne2 Ba6 24. Qd2 Qd6 25. Qc2 Nb5 26. Qd2 Rc8 27. Bc2 c3 28. bxc3 bxc3 29. Nxc3 Rxe1 30. Rxe1 Nxc3 31. Bd3 Bxd3 32. Qxd3 Ne4 33. Ra1 Rc3 34. Qa6 Qxa6 35. Rxa6 Rc1+ 36. Kh2 Nxf2 37. Rd6 Rh1+ 0-1

[Event "Sparkassen-Open A"]
[Site "Heusenstamm, Martinsee"]
[Date "2023.11.24"]
[Round "2.116"]
[White "Senatov, Boris"]
[Black "Hildebrandt, Paul"]
[Result "1-0"]
[WhiteElo "1822"]
[BlackElo "1479"]
[PlyCount "55"]
[EventDate "2023.??.??"]
[WhiteTeam "SC Heusenstamm"]
[BlackTeam "Obertshausen"]

1. e4 c6 2. d4 d5 3. Nc3 dxe4 4. Nxe4 Bf5 5. Ng3 Bg6 6. Bc4 Nf6 7. N1e2 e6 8. Nf4 Bd6 9. c3 Nbd7 10. O-O Qc7 11. Qf3 O-O-O 12. a4 Rde8 13. b4 Nb6 14. Bb3 e5 15. Nxg6 hxg6 16. dxe5 Bxe5 17. h3 Nbd5 18. Bd2 Qd7 19. Ra2 Nc7 20. c4 Ne6 21. Ne2 Ng5 22. Bxg5 Ng4 23. Rd1 Qc7 24. Qxg4+ f5 25. Qf3 Kb8 26. Rad2 Bf6 27. Bf4 Be5 28. Rd7 1-0

[Event "Sparkassen-Open A"]
[Site "Heusenstamm, Martinsee"]
[Date "2023.11.24"]
[Time "15:30:00"]
[Round "3.1"]
[PlyCount "127"]
[White "Korneev, Oleg"]
[Black "Prill, Daniel"]
[Result "1-0"]
[WhiteElo "2470"]
[BlackElo "2182"]
[WhiteTeam "TSV Schönaich"]
[BlackTeam "SC Heitersheim"]

1. e4 c6 2. d4 d5 3. Nc3 dxe4 4. Nxe4 Nd7 5. Ng5 Ngf6 6. Bd3 e6 7. N1f3 Bd6 8.
Qe2 h6 9. Ne4 Nxe4 10. Qxe4 Nf6 11. Qe2 b6 12. Bd2 Bb7 13. O-O-O Qc7 14. Kb1
O-O-O 15. c4 Rhe8 16. Bc3 Kb8 17. Rhe1 Ka8 18. g3 Nd7 19. Bc2 Nf6 20. Bd3 Nd7
21. h4 Nf6 22. Ne5 Bxe5 23. dxe5 Nd7 24. Qg4 g6 25. Qf4 Nc5 26. Bc2 h5 27. Bb4
Ba6 28. Bxc5 bxc5 29. Rd6 Rxd6 30. exd6 Qb7 31. Bb3 Rd8 32. Rd1 Rd7 33. Qe5 Qb6
34. f3 Qa5 35. g4 Qd8 36. Qxc5 Kb7 37. Ba4 Qb6 38. Qd4 Qxd4 39. Rxd4 e5 40. Re4
Rxd6 41. gxh5 gxh5 42. f4 f5 43. fxe5 Re6 44. Rf4 Rxe5 45. Bd1 Kb6 46. Bxh5 Kc5
47. b3 Kd6 48. Kc2 Ke6 49. Rf2 Kf6 50. Bf3 Bb7 51. Kd3 Re7 52. Kd4 Re5 53. b4 a5
54. b5 c5+ 55. Kd3 Bxf3 56. Rxf3 Re4 57. Rh3 Rd4+ 58. Kc3 Kg6 59. h5+ Kh6 60.
Rd3 Rh4 61. b6 Re4 62. Rd5 Re6 63. Rxf5 Rxb6 64. Rxc5 1-0

[Event "Sparkassen-Open A"]
[Site "Heusenstamm, Martinsee"]
[Date "2023.11.24"]
[Time "15:30:00"]
[Round "3.2"]
[PlyCount "66"]
[White "Siegert, Gregor"]
[Black "Poetsch, Hagen"]
[Result "0-1"]
[WhiteElo "2109"]
[BlackElo "2467"]
[WhiteTeam "Schachforum Darmstadt 1994"]
[BlackTeam "SC Heusenstamm"]

1. e4 c5 2. Nf3 d6 3. Bb5+ Nd7 4. d4 cxd4 5. Qxd4 a6 6. Bxd7+ Bxd7 7. Bg5 h6 8.
Bh4 Rc8 9. Nc3 e5 10. Qd3 g5 11. Bg3 Be6 12. Nd2 Ne7 13. Nf1 h5 14. f3 h4 15.
Bf2 h3 16. g4 d5 17. Ng3 d4 18. Nce2 Nc6 19. a3 Qa5+ 20. Qd2 Qxd2+ 21. Kxd2 Na5
22. Rhb1 Rh6 23. b3 Bd7 24. Kd1 Rhc6 25. Rb2 Be6 26. Be1 Rxc2 27. Rxc2 Bxb3 28.
Bxa5 Rxc2 29. Ke1 d3 30. Nc1 Bc4 31. Nf1 Bxa3 32. Rxa3 Rxc1+ 33. Kf2 Rxf1+ 0-1

[Event "Sparkassen-Open A"]
[Site "Heusenstamm, Martinsee"]
[Date "2023.11.24"]
[Time "15:30:00"]
[Round "3.3"]
[PlyCount "93"]
[White "Krastev, Alexander"]
[Black "Ngo, Quang Thai"]
[Result "1-0"]
[WhiteElo "2440"]
[BlackElo "2080"]
[WhiteTeam "Biebertaler SF"]
[BlackTeam "Aachener SV 1856 e. V."]

1. e4 c5 2. Nf3 e6 3. d4 cxd4 4. Nxd4 Nc6 5. Nc3 Qc7 6. g3 a6 7. Bg2 Nf6 8. O-O
Nxd4 9. Qxd4 Bc5 10. Bf4 d6 11. Qd2 h6 12. Rad1 e5 13. Be3 Bb4 14. Nb5 axb5 15.
Qxb4 Rxa2 16. Rxd6 O-O 17. Rd2 Be6 18. f3 Qc4 19. Qxc4 bxc4 20. c3 Rc8 21. Rfd1
Bd7 22. h4 Ba4 23. Rd8+ Rxd8 24. Rxd8+ Kh7 25. Rd2 Ra1+ 26. Kf2 Rb1 27. Bc5 Ne8
28. Bf1 Bb5 29. Ba3 Nf6 30. Bd6 Nd7 31. Bh3 Nb6 32. Bxe5 f6 33. Bd6 Na4 34. Ba3
Ra1 35. h5 g6 36. Bd7 Bxd7 37. Rxd7+ Kg8 38. hxg6 Nxc3 39. Be7 Rd1 40. Rxb7 Rd2+
41. Kf1 Rd1+ 42. Kg2 Rd2+ 43. Kh3 Ne2 44. Bxf6 Ng1+ 45. Kg4 h5+ 46. Kf5 Rh2 47.
Rb8# 1-0

[Event "Sparkassen-Open A"]
[Site "Heusenstamm, Martinsee"]
[Date "2023.11.24"]
[Time "15:30:00"]
[Round "3.4"]
[PlyCount "75"]
[White "Golubka, Petro"]
[Black "Hoppstädter, Daniel"]
[Result "1-0"]
[WhiteElo "2419"]
[BlackElo "2186"]
[WhiteTeam "Krakau"]
[BlackTeam "Lasker Kirkel"]

1. e4 c6 2. d4 d5 3. e5 Bf5 4. h4 h5 5. Bd3 Bxd3 6. Qxd3 e6 7. Ne2 Qa5+ 8. c3
Qa6 9. Qf3 c5 10. O-O Nc6 11. Rd1 Rc8 12. Bf4 Qb6 13. c4 dxc4 14. dxc5 Bxc5 15.
Nd2 Nce7 16. b3 Qc6 17. Ne4 Nf5 18. N2g3 Nxh4 19. Qe2 Ne7 20. Rac1 b5 21. a4 a6
22. axb5 axb5 23. bxc4 b4 24. Bg5 Nef5 25. Bxh4 Nxh4 26. Rd6 Qa8 27. Qd2 Ng6 28.
Qg5 h4 29. Rxe6+ fxe6 30. Qxg6+ Kf8 31. Ng5 Bxf2+ 32. Kf1 Qa7 33. Nxe6+ Kg8 34.
Nf5 Bg3 35. c5 Bxe5 36. Re1 Bc3 37. Ng5 Qxc5 38. Re8+ 1-0

[Event "Sparkassen-Open A"]
[Site "Heusenstamm, Martinsee"]
[Date "2023.11.24"]
[Time "15:30:00"]
[Round "3.5"]
[PlyCount "73"]
[White "Foerster-Yialamas, Lucas"]
[Black "Smith, Bryan"]
[Result "1-0"]
[WhiteElo "2175"]
[BlackElo "2396"]
[WhiteTeam "Sabt Frankfurter TV 1860"]
[BlackTeam "Budapest"]

1. e4 c5 2. Nf3 Nc6 3. d4 cxd4 4. Nxd4 e5 5. Nb5 d6 6. N1c3 a6 7. Na3 Be6 8. Nc4
Rb8 9. a4 Nf6 10. Bg5 Nb4 11. Ne3 Be7 12. Qd2 O-O 13. Rd1 h6 14. Bxf6 Bxf6 15.
Ncd5 Nxd5 16. Nxd5 Bg5 17. Qb4 Bg4 18. f3 Bh4+ 19. Ke2 Bh5 20. g3 f5 21. Bg2 Rc8
22. gxh4 Qxh4 23. Kd3 Rc5 24. Ne3 fxe4+ 25. fxe4 Bxd1 26. Rxd1 b5 27. axb5 axb5
28. Qb3+ Kh8 29. Rf1 Rxf1 30. Bxf1 Qxh2 31. Qe6 Qf4 32. Bh3 Qf8 33. Bf5 b4 34.
Nd5 Qa8 35. Ne7 Qa6+ 36. Ke3 Qc4 37. Ng6+ 1-0

[Event "Sparkassen-Open A"]
[Site "Heusenstamm, Martinsee"]
[Date "2023.11.24"]
[Time "15:30:00"]
[Round "3.6"]
[PlyCount "67"]
[White "Krause, Benedict"]
[Black "Klaska, Philipp Leon"]
[Result "1-0"]
[WhiteElo "2394"]
[BlackElo "2111"]
[WhiteTeam "FC ST.Pauli 1910 eV SAbt"]
[BlackTeam "Düsseldorfer SK 14/25 e."]

1. e4 c5 2. Nf3 Nc6 3. d4 cxd4 4. Nxd4 Nf6 5. Nc3 e5 6. Ndb5 d6 7. Bg5 a6 8. Na3
b5 9. Bxf6 gxf6 10. Nd5 Be7 11. c3 f5 12. Nxb5 axb5 13. Bxb5 Bd7 14. exf5 Rb8
15. a4 Na7 16. f6 Bf8 17. Bxd7+ Qxd7 18. b4 Rg8 19. O-O Qg4 20. Qxg4 Rxg4 21. b5
Kd7 22. b6 Nc8 23. a5 Kc6 24. Rfd1 Rc4 25. a6 Rc5 26. a7 Ra8 27. Nc7 Nxb6 28.
Nxa8 Nxa8 29. Rdb1 Kd7 30. Rb8 Rc8 31. Rxc8 Kxc8 32. Rb1 Bh6 33. Rb8+ Kc7 34.
Rxa8 1-0

[Event "Sparkassen-Open A"]
[Site "Heusenstamm, Martinsee"]
[Date "2023.11.24"]
[Time "15:30:00"]
[Round "3.7"]
[PlyCount "72"]
[White "Poysti, Nathanael"]
[Black "Nothnagel, Marian Can"]
[Result "0-1"]
[WhiteElo "2142"]
[BlackElo "2394"]
[WhiteTeam "?"]
[BlackTeam "Schachforum Darmstadt 1994"]

1. c4 Nf6 2. g3 g6 3. Bg2 Bg7 4. Nc3 O-O 5. d4 d6 6. h3 Nc6 7. Nf3 a6 8. O-O Bd7
9. b3 e5 10. e3 Re8 11. dxe5 dxe5 12. Nd2 Qc8 13. Kh2 Nb4 14. Nde4 Nxe4 15. Nxe4
Bc6 16. Bd2 Rd8 17. Qe2 Nd3 18. Bc3 f5 19. Nd2 e4 20. Bxg7 Kxg7 21. f3 Qe6 22.
fxe4 fxe4 23. Nb1 Qe7 24. Nc3 h5 25. Qc2 Nb4 26. Qb2 Qe5 27. a3 Nd3 28. Qc2 h4
29. Ne2 hxg3+ 30. Nxg3 Rh8 31. Rad1 Rad8 32. Qa2 Nb2 33. Qa1 Rd3 34. Rxd3 exd3
35. Rb1 d2 36. Rxb2 Bxg2 0-1

[Event "Sparkassen-Open A"]
[Site "Heusenstamm, Martinsee"]
[Date "2023.11.24"]
[Time "15:30:00"]
[Round "3.8"]
[PlyCount "47"]
[White "Krause, Jonah"]
[Black "Schmidt, Markus"]
[Result "1/2-1/2"]
[WhiteElo "2366"]
[BlackElo "2116"]
[WhiteTeam "FC ST.Pauli 1910 eV SAbt"]
[BlackTeam "SK Niederbrechen 1948"]

1. d4 d5 2. c4 e6 3. Nf3 Nf6 4. Nc3 dxc4 5. e4 b5 6. e5 Nd5 7. Nxb5 Nb6 8. Be2
Nc6 9. O-O Be7 10. Be3 O-O 11. Qc1 Nb4 12. Rd1 Bb7 13. Nc3 Rb8 14. Nd2 Qd7 15.
b3 cxb3 16. axb3 a6 17. Nde4 N6d5 18. Nxd5 Nxd5 19. Bd2 Nb6 20. Nc5 Bxc5 21.
Qxc5 Qd5 22. Qxd5 Nxd5 23. Rdc1 Rfd8 24. f3 1/2-1/2

[Event "Sparkassen-Open A"]
[Site "Heusenstamm, Martinsee"]
[Date "2023.11.24"]
[Time "15:30:00"]
[Round "3.9"]
[PlyCount "117"]
[White "Baranyai-Molnar, Adam-Kristof"]
[Black "Hahn, Markus"]
[Result "1-0"]
[WhiteElo "1948"]
[BlackElo "2332"]
[WhiteTeam "SF Neuberg"]
[BlackTeam "SVG CAISSA Kassel"]

1. f4 Nh6 2. c4 e6 3. Nf3 d5 4. e3 c5 5. b3 Nc6 6. Bb2 Nf5 7. Bd3 dxc4 8. Bxf5
exf5 9. bxc4 Qd3 10. Na3 Be6 11. Qe2 Qxe2+ 12. Kxe2 f6 13. d3 Kf7 14. Nc2 Bd6
15. Bc3 b6 16. a4 a5 17. Na3 Rac8 18. Nd2 Rhe8 19. g3 Rcd8 20. Nb5 Bb8 21. Rhd1
g5 22. Nf3 Kg6 23. Kf2 Re7 24. Ne1 Red7 25. Rdc1 h6 26. Rab1 Rc8 27. Bd2 Bf7 28.
Rb3 Kg7 29. Nf3 Kg6 30. d4 Nb4 31. d5 Bd6 32. Ne1 Re8 33. Bxb4 axb4 34. Nf3 Ra8
35. Ra1 Be7 36. Nd2 Be8 37. Rb2 Bd8 38. Nb3 Re7 39. Rba2 Kg7 40. Nd6 Kg6 41. h4
Bd7 42. a5 bxa5 43. Nxa5 Rb8 44. Nb3 Bb6 45. Ra8 Bc7 46. Rxb8 Bxb8 47. Nb7 Bb5
48. N7a5 Be8 49. Nxc5 Ba7 50. Ne6 Bd7 51. Nb3 Bxe6 52. dxe6 Bb6 53. Ra6 Rb7 54.
c5 Bd8 55. hxg5 hxg5 56. fxg5 Kxg5 57. Rd6 Bc7 58. e7 Rb8 59. Rd7 1-0

[Event "Sparkassen-Open A"]
[Site "Heusenstamm, Martinsee"]
[Date "2023.11.24"]
[Time "15:30:00"]
[Round "3.10"]
[PlyCount "63"]
[White "Glöckler, Christian"]
[Black "Perske, Paul"]
[Result "1/2-1/2"]
[WhiteElo "2332"]
[BlackElo "2068"]
[WhiteTeam "Wiesbadener SV 1885"]
[BlackTeam "Sfr.Heidesheim"]

1. e4 e5 2. Nf3 Nc6 3. Bb5 a6 4. Bc4 Nf6 5. O-O Be7 6. Re1 b5 7. Bb3 d6 8. c3
O-O 9. h3 Bb7 10. d4 Re8 11. Nbd2 Bf8 12. a3 g6 13. Bc2 Bg7 14. Nf1 Na5 15. Ng3
c5 16. d5 c4 17. Be3 h6 18. Nd2 Nd7 19. Rf1 Qc7 20. Qe2 Nc5 21. Rae1 Re7 22. f4
exf4 23. Rxf4 Rae8 24. Rh4 Bxd5 25. Qf2 Bb7 26. Bxh6 Bxh6 27. Rxh6 Kg7 28. Nf5+
gxf5 29. Qg3+ Kxh6 30. Re3 Nxe4 31. Qh4+ Kg7 32. Rg3+ 1/2-1/2

[Event "Sparkassen-Open A"]
[Site "Heusenstamm, Martinsee"]
[Date "2023.11.24"]
[Time "15:30:00"]
[Round "3.11"]
[PlyCount "86"]
[White "Capelja, Christian"]
[Black "Haack, Kevin"]
[Result "0-1"]
[WhiteElo "2007"]
[BlackElo "2302"]
[WhiteTeam "SpVgg Rommelshausen"]
[BlackTeam "SC Bad Soden"]

1. e4 c6 2. d4 d5 3. e5 Bf5 4. h4 h5 5. Bd3 Bxd3 6. Qxd3 Qa5+ 7. Nd2 e6 8. Ngf3
Nh6 9. O-O Nf5 10. c4 Be7 11. g3 O-O 12. Rd1 Rd8 13. Nf1 c5 14. cxd5 Rxd5 15.
Ne3 Nxe3 16. Bxe3 Nc6 17. Qc3 Qd8 18. Qb3 cxd4 19. Bg5 Bxg5 20. Nxg5 Nxe5 21.
Qxb7 Qc8 22. Qxc8+ Rxc8 23. Rac1 Rxc1 24. Rxc1 Kf8 25. f4 Nd7 26. Kf2 Nc5 27.
Ke2 a5 28. b3 Ke7 29. Kf3 f6 30. Ne4 Nd3 31. Rd1 Nb4 32. Rd2 Na6 33. Nf2 Kd6 34.
Ne4+ Kc6 35. Rc2+ Kb5 36. Rc8 Kb4 37. Rc6 f5 38. Rc4+ Ka3 39. Ra4+ Kb2 40. Nf2
Nb4 41. Ke2 Nxa2 42. Kd3 Kxb3 43. Rxd4 Nb4 0-1

[Event "Sparkassen-Open A"]
[Site "Heusenstamm, Martinsee"]
[Date "2023.11.24"]
[Time "15:30:00"]
[Round "3.12"]
[PlyCount "28"]
[White "Eilers, Stefan"]
[Black "Rempe, Jonas"]
[Result "1/2-1/2"]
[WhiteElo "2300"]
[BlackElo "2106"]
[WhiteTeam "SAbt SG 1945 Dietzenbach"]
[BlackTeam "SK Doppelbauer Kiel von 1910 e.V"]

1. d4 Nf6 2. Nf3 e6 3. g3 b6 4. Bg2 Bb7 5. O-O d5 6. Ne5 Nbd7 7. c4 c6 8. Qa4
Qc7 9. cxd5 exd5 10. Nc3 Bd6 11. Bg5 b5 12. Qc2 Nxe5 13. dxe5 Bxe5 14. f4 Qb6+
1/2-1/2

[Event "Sparkassen-Open A"]
[Site "Heusenstamm, Martinsee"]
[Date "2023.11.24"]
[Time "15:30:00"]
[Round "3.13"]
[PlyCount "47"]
[White "Neukirchner, Pascal"]
[Black "Burkart, Lloyd Shang"]
[Result "1/2-1/2"]
[WhiteElo "2286"]
[BlackElo "2094"]
[WhiteTeam "SK Gründau"]
[BlackTeam "SAbt TuS Makkabi Ffm"]

1. Nf3 Nf6 2. g3 b5 3. Bg2 Bb7 4. O-O c5 5. d3 e6 6. e4 d6 7. d4 Bxe4 8. dxc5 d5
9. Be3 Na6 10. a4 Bxc5 11. axb5 Bxe3 12. fxe3 Nc7 13. Nc3 O-O 14. Ne5 Bxg2 15.
Kxg2 Nxb5 16. Nxb5 Qb8 17. Rxf6 gxf6 18. Nd7 Qxb5 19. Nxf6+ Kg7 20. Qg4+ Kxf6
21. Qh4+ Kg6 22. Qg4+ Kf6 23. Qh4+ Kg6 24. Qg4+ 1/2-1/2

[Event "Sparkassen-Open A"]
[Site "Heusenstamm, Martinsee"]
[Date "2023.11.24"]
[Time "15:30:00"]
[Round "3.14"]
[PlyCount "154"]
[White "Bardorz, Jana"]
[Black "Klundt, Klaus"]
[Result "0-1"]
[WhiteElo "2050"]
[BlackElo "2280"]
[WhiteTeam "TSV 1869 e. V. Rottendorf"]
[BlackTeam "SC Heusenstamm"]

1. e4 c5 2. Nf3 e6 3. d4 cxd4 4. Nxd4 Nc6 5. Nc3 Qc7 6. Be3 a6 7. Qf3 Nf6 8.
O-O-O Ne5 9. Qg3 b5 10. a3 Bb7 11. f3 Rc8 12. Kb1 Nc4 13. Bxc4 Qxc4 14. Rd3 Qc7
15. Nb3 Qxg3 16. hxg3 d5 17. e5 Nd7 18. Bd4 Be7 19. f4 O-O 20. g4 f6 21. exf6
Bxf6 22. g5 Bxd4 23. Nxd4 Nc5 24. Rf3 Rce8 25. Re1 Ne4 26. Kc1 e5 27. fxe5 Rxe5
28. Rxf8+ Kxf8 29. Nf3 Rf5 30. Nd4 Re5 31. Nf3 Re7 32. Ne2 Kf7 33. Nf4 Ng3 34.
g6+ hxg6 35. Ne5+ Kg8 36. Nfxg6 Re8 37. Re3 Nf5 38. Rh3 Nh6 39. g4 Nf7 40. Nxf7
Kxf7 41. Nh4 Bc8 42. Rf3+ Kg8 43. Nf5 Re5 44. c3 Bxf5 45. gxf5 Kf7 46. a4 Kf6
47. axb5 axb5 48. Rf4 Rxf5 49. Rb4 g5 50. Kd2 Ke5 51. Ke3 Kf6 52. Ke2 Kg6 53.
Rxb5 g4 54. Rb8 Kg5 55. b4 Kf4 56. Kf2 Rh5 57. Rf8+ Ke4 58. Rc8 Rh3 59. Rg8 Kd3
60. Rxg4 Kxc3 61. b5 Rh2+ 62. Kg3 Rb2 63. Kf3 Rxb5 64. Ke2 d4 65. Rg8 d3+ 66.
Ke3 Re5 67. Kf4 Re7 68. Rc8+ Kb2 69. Rb8+ Kc2 70. Rc8+ Kd1 71. Kf3 d2 72. Kf2
Rf7+ 73. Kg2 Rf5 74. Rc7 Ke2 75. Re7+ Kd3 76. Rd7+ Kc3 77. Rd8 Rf4 0-1

[Event "Sparkassen-Open A"]
[Site "Heusenstamm, Martinsee"]
[Date "2023.11.24"]
[Time "15:30:00"]
[Round "3.15"]
[PlyCount "91"]
[White "Spriestersbach, Kai"]
[Black "Akhmatovski, Maxim"]
[Result "1-0"]
[WhiteElo "2263"]
[BlackElo "2070"]
[WhiteTeam "SV Erkenschwick 1923 e"]
[BlackTeam "SV Oberursel"]

1. e4 c5 2. Nf3 e6 3. d4 cxd4 4. Nxd4 Nf6 5. Nc3 Nc6 6. Ndb5 Bc5 7. Nd6+ Ke7 8.
Bf4 e5 9. Nf5+ Kf8 10. Bg5 d6 11. Ne3 Be6 12. Be2 Rc8 13. O-O h6 14. Bxf6 Qxf6
15. Ncd5 Qd8 16. c3 g6 17. Ng4 f5 18. Ngf6 Ne7 19. Qd3 Nxd5 20. Nxd5 Bb6 21.
Rad1 fxe4 22. Qxe4 Kg7 23. Bg4 Re8 24. Bxe6 Rxe6 25. Kh1 Rc6 26. Rd3 Qc8 27. b3
Ba5 28. f4 exf4 29. Qd4+ Re5 30. Ne7 Bb6 31. Qxf4 Qe8 32. Qf6+ Kh7 33. Nxc6 bxc6
34. Qxd6 h5 35. Qd7+ Qxd7 36. Rxd7+ Kh6 37. Rd2 Kg5 38. g3 Re3 39. c4 h4 40. Kg2
Bc7 41. gxh4+ Kxh4 42. Rf6 g5 43. Rxc6 Bf4 44. Rh6+ Kg4 45. Rc2 Re1 46. Kf2 1-0

[Event "Sparkassen-Open A"]
[Site "Heusenstamm, Martinsee"]
[Date "2023.11.24"]
[Time "15:30:00"]
[Round "3.16"]
[PlyCount "40"]
[White "Burkhardt, Jan"]
[Black "Hinrichs, Paul"]
[Result "0-1"]
[WhiteElo "1688"]
[BlackElo "2223"]
[WhiteTeam "Sfr.Mainz 1928"]
[BlackTeam "Sfr.Heidesheim"]

1. e4 e5 2. Nf3 Nc6 3. Bc4 Nf6 4. Ng5 d5 5. exd5 Na5 6. Bb5+ c6 7. dxc6 bxc6 8.
Qf3 h6 9. Ne4 cxb5 10. Nxf6+ gxf6 11. Qxa8 Qd7 12. Qf3 Rg8 13. Nc3 Bb7 14. Qd3
Qxd3 15. cxd3 Bxg2 16. Rg1 Nc6 17. f3 Bc5 18. Rxg2 Rxg2 19. Ne4 Rg1+ 20. Ke2 Bb6
0-1

[Event "Sparkassen-Open A"]
[Site "Heusenstamm, Martinsee"]
[Date "2023.11.24"]
[Round "3.17"]
[White "Euler, Gerd"]
[Black "Lenz, Joshua"]
[Result "0-1"]
[WhiteElo "2236"]
[BlackElo "1806"]
[PlyCount "100"]
[EventDate "2023.??.??"]
[WhiteTeam "SSG Hungen-Lich"]
[BlackTeam "SV Turm Lahnstein"]

1. e4 c5 2. Nf3 a6 3. c3 e6 4. d4 d5 5. e5 Bd7 6. Nbd2 Nc6 7. dxc5 Bxc5 8. Nb3 Be7 9. Bd3 Qc7 10. Qe2 g5 11. h3 h5 12. Nbd4 Nh6 13. Nxc6 Bxc6 14. Nd4 O-O-O 15. Bd2 Kb8 16. O-O-O Bd7 17. Kb1 Rde8 18. f4 g4 19. hxg4 Nxg4 20. Rhe1 Reg8 21. f5 Bh4 22. Rf1 Nxe5 23. Bc2 Bg3 24. Bc1 Re8 25. Bg5 Ng4 26. fxe6 Bxe6 27. Qd2 Be5 28. Ba4 b5 29. Bb3 f6 30. Nxe6 Rxe6 31. Bh4 Rd8 32. a4 Red6 33. axb5 axb5 34. Qe2 Qb7 35. Rd4 Bxd4 36. cxd4 Ka7 37. Be1 Qd7 38. Bb4 Re6 39. Qd2 Kb7 40. Rc1 Ne3 41. Bc5 Qh7+ 42. Ka2 Ra8+ 43. Ba3 Nc4 44. Qb4 Qd7 45. Rxc4 dxc4 46. Bxc4 Ra4 47. Bxe6 Qxe6+ 48. Qb3 Qxb3+ 49. Kxb3 Rxd4 50. Be7 f5 0-1

[Event "Sparkassen-Open A"]
[Site "Heusenstamm, Martinsee"]
[Date "2023.11.24"]
[Round "3.18"]
[White "Mohr, Alwin"]
[Black "Milov, Leonid"]
[Result "0-1"]
[WhiteElo "1614"]
[BlackElo "2422"]
[PlyCount "68"]
[EventDate "2023.??.??"]
[WhiteTeam "SV Oberursel"]
[BlackTeam "SC Noris-Tarrasch Nürnberg 1873"]

1. e4 c5 2. Nc3 Nc6 3. Bb5 Nd4 4. Bc4 e6 5. Nge2 Nf6 6. e5 d5 7. exd6 Bxd6 8. d3 O-O 9. Bg5 Be7 10. Qd2 a6 11. Bb3 b5 12. O-O Nxb3 13. axb3 Bb7 14. f3 h6 15. Be3 Rc8 16. Ng3 Kh7 17. Rae1 c4 18. bxc4 bxc4 19. dxc4 Qxd2 20. Bxd2 Rxc4 21. Re2 Rd8 22. Kf2 Bb4 23. Rc1 a5 24. Ke1 Rh4 25. h3 Ba6 26. Re3 Bc5 27. Re5 Bd6 28. Rxa5 Bxg3+ 29. Kd1 Bf4 30. Nb1 Bxd2 31. Nxd2 Rhd4 32. Rxa6 Rxd2+ 33. Ke1 Rxg2 34. Kf1 Rdd2 0-1

[Event "Sparkassen-Open A"]
[Site "Heusenstamm, Martinsee"]
[Date "2023.11.24"]
[Round "3.19"]
[White "Leibbrand, Udo"]
[Black "Tschernatsch, Johannes"]
[Result "0-1"]
[WhiteElo "2053"]
[BlackElo "2312"]
[PlyCount "100"]
[EventDate "2023.??.??"]
[WhiteTeam "SC Pforzheim 1906"]
[BlackTeam "SC Empor Potsdam 1952 e.V."]

1. c4 g6 2. d4 Nf6 3. Nf3 Bg7 4. g3 O-O 5. Bg2 d6 6. O-O Nc6 7. b3 e5 8. Bb2 e4 9. Ne1 Qe7 10. Nc2 h5 11. Nc3 Re8 12. d5 Ne5 13. f3 h4 14. Nxe4 Nxe4 15. fxe4 hxg3 16. hxg3 Qg5 17. Qe1 Ng4 18. Bxg7 Qh5 19. Rf4 Kxg7 20. Qc3+ f6 21. Ne3 Ne5 22. Kf2 g5 23. Rh1 Qf7 24. Nf5+ Bxf5 25. Rxf5 Rh8 26. Rxh8 Rxh8 27. Ke1 Rh2 28. Bf3 Qg6 29. g4 b6 30. b4 Qh6 31. c5 Qh4+ 32. Kd2 bxc5 33. bxc5 Qf2 34. cxd6 cxd6 35. Qc7+ Nf7 36. Qc3 Ne5 37. Qc7+ Nf7 38. Qc3 Rh6 39. e5 dxe5 40. Be4 Qb6 41. Rf1 Nd6 42. Bd3 Rh3 43. Rb1 Qe3+ 44. Kc2 e4 45. Qc7+ Kg6 46. Ba6 Qa3 47. Qc6 Qxa2+ 48. Rb2 Qa3 49. Bc8 Rh2 50. Bf5+ Kh6 0-1